Score 0/22 Timer 08:00
2 Plays Today
% Correct
Crying
99.6%
Charging
97%
Cleaning
96.7%
Chewing
96.5%
Changing
96%
Cheering
95.8%
Catching
95.7%
Chasing
95.7%
Cough
95.6%
Calling
94.3%
Clapping
94%
% Correct
Carrying
93.7%
Climbing
93.5%
Counting
93.1%
Closing
92.8%
Cuddling
90.5%
Coloring
89.7%
Cooking
89%
Cartwheeling
87.2%
Catapulting
86.2%
Copying
81.2%
Collapsing
78.3%
Remove Ads.
Support Sporcle.
Get the best of Sporcle when you Go Orange. This ad-free experience offers more features, more stats, and more fun while also helping to support Sporcle. Thank you for becoming a member.

You're not logged in!

Compare scores with friends on all Sporcle quizzes.
OR
Log In

Show Comments

Extras

Top Quizzes Today


Score Distribution

Your Account Isn't Verified!

In order to create a playlist on Sporcle, you need to verify the email address you used during registration. Go to your Sporcle Settings to finish the process.

Report this User

Report this user for behavior that violates our Community Guidelines.

Details: